Appetite
Uložené v:
| Médium: | Seriál |
|---|---|
| Jazyk: | English |
| Vydavateľské údaje: |
London
Elsevier Applied Science
|
| Tagy: |
Žiadne tagy, Buďte prvý, kto otaguje tento záznam!
|
MARC
| LEADER | 00000nas1a2200000 4500 | ||
|---|---|---|---|
| 001 | 0269907 | ||
| 005 | 20250701092105.5 | ||
| 022 | |a 1095-8304 | ||
| 022 | |a 0195-6663 | ||
| 041 | 0 | |a eng | |
| 044 | |a NL | ||
| 245 | 1 | 0 | |a Appetite |
| 264 | 1 | |a London |b Elsevier Applied Science | |